Musical Title Lyrics Quiz Stats

 Plays Quiz Updated Jul 6, 2012

Challenge
Share
Tweet
Embed
Score 0/16 Timer 06:00
0 Plays Today
Lyric Musical % Correct
'Tale as old as time, song as old as rhyme...'Beauty and the Beast
87%
'The hills fill my heart with...'The Sound of Music
74.5%
'How we gonna pay last year's...'Rent
74.4%
'My my, how could I resist you?...'Mamma Mia!
53.4%
'Long as God can grow it, my...'Hair
33.8%
'On the avenue I'm taking you to...'42nd Street
28.9%
'Don't wanna be an...'American Idiot
27.9%
'We're only sayin' you're doin' fine...'Oklahoma!
27.1%
Lyric Musical % Correct
'He will curse the day somebody named him...'Oliver!
21.1%
'You coax the blues right out of the horn...'Mame
19.3%
'Phone rings, door chimes, in comes...'Company
16.5%
'So beat the drums 'cause here comes...'Thoroughly Modern Millie
11.9%
'There are fights, and endless debts and bills to pay...'In the Heights
11.4%
'No one to walk with, but I'm happy on the shelf...'Ain't Misbehavin'
11.2%
'It's a bonanza, it's a mad extravaganza at...'La Cage Aux Folles
6.5%
'Now we are here, in...'Xanadu
6.3%

You're not logged in!

Compare scores with friends on all Sporcle quizzes.
OR
Log In

You Might Also Like...

Show Comments

Extras

Top Quizzes Today


Score Distribution

Your Account Isn't Verified!

In order to create a playlist on Sporcle, you need to verify the email address you used during registration. Go to your Sporcle Settings to finish the process.

Report this User

Report this user for behavior that violates our Community Guidelines.

Details: